000 00783cam a22002653a 4500
001 3244
003 PGUSA
005 20140828083029.0
008 060603s2006||||xxu|||||s|||||000 1 eng d
040 _aPGUSA
_beng
042 _adc
050 4 _aPS
100 1 _aConnor, Ralph,
_d1860-1937
245 1 0 _aTo Him That Hath :
_bA Tale of the West of Today
_h[electronic resource] /
_cRalph Connor
260 _bProject Gutenberg,
_c2006
506 _aPublic domain in the USA.
516 _aElectronic text
653 _aSocial problems -- Fiction
653 _aNorthwest, Canadian -- Fiction
653 _aCanada -- Fiction
653 _aIndustrial relations -- Fiction
830 0 _aProject Gutenberg
_v3244
856 4 0 _uhttp://www.gutenberg.org/ebooks/3244
942 _cEB
999 _c232573
_d232573